Supreme Court on The Motor Vehicles Act, 1988 with state amendments & digest of Supreme Court cases updated case citations arranged subject wise and with Bare Act / (Record no. 20189)

MARC details
000 -LEADER
fixed length control field 01069nam a22002417a 4500
008 - FIXED-LENGTH DATA ELEMENTS--GENERAL INFORMATION
fixed length control field 081223t xxu||||| |||| 00| 0 eng d
010 ## - LCCN (DPL NO)
LC control number ENG-92273
020 ## - INTERNATIONAL STANDARD BOOK NUMBER
Terms of availability 250.00
035 ## - SYSTEM CONTROL NUMBER
System control number EN-75806
037 ## - SOURCE OF ACQUISITION
Source of stock number/acquisition DBAD / PUB
040 ## - CATALOGING SOURCE
Original cataloging agency dpl
Language of cataloging English
082 ## - DEWEY DECIMAL CLASSIFICATION NUMBER
Classification number 343.540944
245 ## - TITLE STATEMENT
Title Supreme Court on The Motor Vehicles Act, 1988 with state amendments & digest of Supreme Court cases updated case citations arranged subject wise and with Bare Act /
Statement of responsibility, etc edited by A.R. Gupta [and] Ravinder Kumar
260 ## - PUBLICATION, DISTRIBUTION, ETC. (IMPRINT)
Place of publication, distribution, etc New Delhi
Name of publisher, distributor, etc Archer Publications
Date of publication, distribution, etc 2006-07
270 ## - ADDRESS
Address 138, Sector-IV, Pocket B/8, Rohini,
City New Delhi
Postal code 110085
300 ## - PHYSICAL DESCRIPTION
Extent 300p.
Dimensions 22cm (pbk)
610 ## - SUBJECT ADDED ENTRY--CORPORATE NAME
Corporate name or jurisdiction name as entry element India.
Title of a work Motor Vehicles Act, 1988.
650 ## - SUBJECT ADDED ENTRY--TOPICAL TERM
Topical term or geographic name as entry element Motor vehicles
General subdivision Law and legislation
-- Digest
700 ## - ADDED ENTRY--PERSONAL NAME
Personal name Gupta, A.R.
700 ## - ADDED ENTRY--PERSONAL NAME
Personal name Ravinder Kumar
942 ## - ADDED ENTRY ELEMENTS (KOHA)
Source of classification or shelving scheme Dewey Decimal Classification
Item type English Books
Call number suffix SUP
Classification part 343.540944
Holdings
Withdrawn status Lost status Source of classification or shelving scheme Damaged status Not for loan Collection code Home library Current library Date acquired Source of acquisition Cost, normal purchase price Total Checkouts Full call number Barcode Date last seen Copy number Cost, replacement price Koha item type
    Dewey Decimal Classification   Not For Loan Non-fiction D.B.Act.Division D.B.Act.Division 01/01/2009 DBAB / PUB 250.00   343.540944 SUP EN-75806 23/12/2008 1 250.00 English Books

© Delhi Public Library
Hit Counter
free hit counter